00507nam a22001577a 450000500170000001000120001702000260002903700080005508200080006310000200007124501040009126000480019527000690024330000190031270000180033120260227160258.0 aBACEN26 a9789370789289c395.00 aBSB a340 aVarshney, Mansi aLLB Bachelor of Law 2026 Exam:c by Mansi Varshney [and] Pawan Khannab16 solved papers 2025-2010 / aNew Delhi bArihant Publications Ltd.c2025 a'Ramchhaya'4577/15, Agarwal Road, Darya GanjbNew Delhi e110002 avp.c26cm(pbk) aKhanna, Pawan